000 00314nam a22001337a 4500
008 171027b xxu||||| |||| 00| 0 eng d
020 _a0262111020
041 _aeng
080 _a336
100 _a56
101 _aFIN
245 _aTHE GATHERING CRISIS IN FEDERAL DEPOSIT INSURANCE
_cKANE,E.J
942 _2udc
_cBK
999 _c36139
_d36139